000 01416cam a2200157 4500500
005 20260208005810.0
041 _afre
042 _adc
100 1 0 _aFujiwara, Mami
_eauthor
245 0 0 _aDiderot et le droit d'auteur avant la lettre : autour de la Lettre sur le commerce de la librairie
260 _c2005.
500 _a82
520 _aAu temps des Lumières, les libraires étaient toujours en position dominante dans le monde du livre. Par l’acquisition des manuscrits, ils se donnaient des droits sur les ouvrages littéraires. La plupart des écrivains étaient soumis à ce système, sans lequel ils ne pouvaient pas se faire imprimer. La Lettre sur le commerce de la librairie (1763) de Diderot est le premier livre dans lequel un écrivain français ait mis en question ce système d’édition. On s’attendrait donc à ce que le philosophe y présente, d’une manière ou d’une autre, la notion de propriété littéraire. En fait, il insiste plus que personne sur la valeur immatérielle de l’œuvre littéraire : il introduit, dans sa définition de la production de l’esprit, l’idée d’éléments émanant des profondeurs de l’être de l’auteur.
786 0 _nRevue d'histoire littéraire de la France | 105 | 1 | 2005-02-01 | p. 79-94 | 0035-2411
856 4 1 _uhttps://shs.cairn.info/revue-d-histoire-litteraire-de-la-france-2005-1-page-79?lang=fr&redirect-ssocas=7080
999 _c1653839
_d1653839